000 00512nam a22001697a 4500
005 20250110122455.0
008 250110b |||||||| |||| 00| 0 eng d
020 _a9781403911322
050 _aHF5386 COT
100 _aCottrell Stella
245 _aSkills for Success
_bThe Personal Development Planning Handbook
_cStella Cottrell
260 _aNew York
_bPalgrave Macmillan
_c2003
300 _axv. 296p.
_bill. col.
_c24.5 cm x 19 cm
500 _aIncludes index
650 _2Development
942 _2lcc
_cBK
_n0
999 _c2503
_d2503